دراسات في مناهج المحدثين

Bibliographic Details
Main Authors: قضاة، أمين محمد (Author), صبري، عامر حسن (Author)
Format: Book
Language:Arabic
Published: Amman : Juhaynah lil-Nashr wa-al-Tawzi' , 2011
Subjects:

MARC

LEADER 00000cam a2200000 7i4500
001 0000084607
005 20140522093000.0
008 130624s2011 jo ara
050 0 0 |a BP136   |b .Q33 2011 
090 0 0 |a BP136   |b .Q33 2011 
100 1 |a قضاة، أمين محمد ,   |e author 
241 1 0 |a Dirasat fi manahij al-muhadithin 
245 1 0 |a دراسات في مناهج المحدثين   |c أ.د أمين محمد القضاة، أ. د عامر حسن صبري 
260 |a Amman :   |b Juhaynah lil-Nashr wa-al-Tawzi' ,   |c 2011 
300 |a 320 p. ;   |c 24 cm. 
504 |a Includes bibliographical references (p. 308-313) and index 
650 0 |a Hadith   |x Criticism, interpretation, etc. 
650 0 |a Hadith   |x Hermeneutics 
700 1 |a صبري، عامر حسن ,   |e author 
999 |a 1000156787   |b Book   |c OPEN SHELF (30 DAYS)   |e Gong Badak Campus